00449nam a22001577a 4500003000500000005001700005008004100022010001000063011001000073035001000083040000900093100002000102245007000122500008000192650001900272CHAP20220329134117.0971013s r 00010 d a15536 a16508 a20588 cCHAP00aHill, Joseph M. aL-asparaginase therapy for leukemia and other malignant neoplasms aSobretiro de : Journal of the American Medical Association202:882-888, 196714aAsparraginasa.